Constitucionalismo multinacional

Detalles Bibliográficos
Autor principal: Peą de Moraes, Guilherme
Formato: eBook
Lenguaje:portugués
Publicado: Indaiatuba: Editora Foco, 2021
Materias:
Acceso en línea:Acceso restringido

MARC

LEADER 00000nam a22000007a 4500
005 20211119210242.0
007 cr|||| ||||
008 211119s2021 br |||||s|||| 00||0 por d
020 |a 978-65-5515-137-4 
035 |a 35435 
040 |a vLex 
090 |c 12673  |d 12673 
100 1 |a Peą de Moraes, Guilherme 
245 1 0 |a Constitucionalismo multinacional  |h [Recurso electrn̤ico] /  |c Guilherme Peą de Moraes 
256 |a Servicio en ln̕ea 
260 |a Indaiatuba:  |b Editora Foco,  |c 2021 
300 |a 1 recurso electrn̤ico 
500 |a Este livro pretende abordar a utilizaȯ̂ da jurisprudn̊cia estrangeira por tribunais nacionais, com vistas ̉persuasô dos interlocutores do debate constitucional. O desenvolvimento da pesquisa obedece a um enfoque essencialmente constitucional. A investigaȯ̂ metodolg̤ica e sistemt̀ica est ̀voltada a estabelecer os pressupostos ter̤icos e pragmt̀icos da atividade suasr̤ia da justiȧ constitucional, de molde a afirmar a sua possibilidade, sem, entretanto, deixar de impor-lhe limites. Insere-se, por conseguinte, o trabalho que aqui se apresenta na r̀ea de concentraȯ̂ do controle de constitucionalidade nos sistemas jurd̕icos contemporńeos e, mais particularmente, na linha de pesquisa sobre a globalizaȯ̂ do processo de tomada de decisô constitucional. A obra est ̀organizada em trs̊ capt̕ulos nos quais se discute, por exemplo, a fundamentaȯ̂ racional da internacionalizaȯ̂ dos motivos das decise̳s dos tribunais constitucionais, antecedidos por um prl̤ogo e sucedidos por um epl̕ogo. Os resultados mais importantes, sem dv︢ida, giram em torno da apresentaȯ̂ de critřios de legitimaȯ̂ ou justificaȯ̂, bem como do delineamento de modelos de uso persuasivo de jurisprudn̊cia estrangeira. Livro-texto para a disciplina Direito Constitucional dos cursos de graduaȯ̂ em Direito. Obra destinada tambm̌ para os operadores do Direito e candidatos de concursos pb︢licos de ingresso em carreiras jurd̕icas. 
506 1 |a Disponible solo en los productos indicados  |d vLex Global  |d vLex Global (Academic Edition, excluding Law Schools)  |d vLex Global (U.S. Academic Edition, Law Schools)  |d vLex Global (U.S. Academic Edition, excluding Law Schools)  |d vLex Global (Academic Edition, Law Schools) 
650 0 4 |a Derecho Constitucional  |z Brasil 
740 0 |a vLex Libros (Servicio en ln̕ea) 
856 4 0 |u https://app.vlex.com/#/sources/35435  |z Acceso restringido 
942 |c BOOK 
999 0 |a Constitutional right